Biggest German Cities without a Professional Association Football Team - Statistics

General Stats
  • This quiz has been taken 48 times
    20 since last reset
  • The average score is 12 of 30
Answer Stats
Leage Population Answer % Correct
Current 1. Bundesliga 1.08M Köln
78%
Current 1. or 2. Bundesliga or 3. Liga 336k Bonn
72%
Never 1. Bundesliga 336k Bonn
72%
Current 1. or 2. Bundesliga 585k Essen
72%
Current 1. Bundesliga 585k Essen
72%
Current 1. Bundesliga 563k Dresden
61%
Current 1. or 2. Bundesliga 563k Dresden
61%
Current 1. Bundesliga 629k Düsseldorf
56%
Current 1. or 2. Bundesliga or 3. Liga 252k Aachen
50%
Current 1. Bundesliga 545k Hannover
50%
Current 1. or 2. Bundesliga 502k Duisburg
44%
Current 1. or 2. Bundesliga or 3. Liga 502k Duisburg
44%
Never 1. Bundesliga 234k Magdeburg
44%
Current 1. or 2. Bundesliga 359k Wuppertal
44%
Current 1. or 2. Bundesliga or 3. Liga 359k Wuppertal
44%
Current 1. or 2. Bundesliga 338k Bielefeld
33%
Current 1. or 2. Bundesliga or 3. Liga 249k Chemnitz
33%
Never 1. Bundesliga 249k Chemnitz
33%
Never 1. Bundesliga 242k Halle (Saale)
33%
Never 1. or 2. Bundesliga 162k Heidelberg
28%
Never 1. or 2. Bundesliga or 3. Liga 162k Heidelberg
28%
Never 1. or 2. Bundesliga 190k Hagen
22%
Never 1. or 2. Bundesliga or 3. Liga 190k Hagen
22%
Never 1. Bundesliga 283k Wiesbaden
22%
Never 1. or 2. Bundesliga 181k Hamm
11%
Never 1. or 2. Bundesliga or 3. Liga 181k Hamm
11%
Never 1. or 2. Bundesliga 154k Neuss
11%
Never 1. or 2. Bundesliga or 3. Liga 154k Neuss
11%
Never 1. or 2. Bundesliga 172k Ludwigshafen am Rhein
0%
Never 1. or 2. Bundesliga or 3. Liga 172k Ludwigshafen am Rhein
0%
No matching quizzes found
Score Distribution
Percent of People with Each Score
Percentile by Number Answered
Your Score History
You have not taken this quiz since the last reset